| 000 | 01516nam a2200301Ia 4500 | ||
|---|---|---|---|
| 999 |
_c55169 _d55169 |
||
| 001 | 22244 | ||
| 003 | GE_BSU | ||
| 005 | 20220602135726.0 | ||
| 008 | 181216s2015ge xx |||||||||||||| ||geo|| | ||
| 020 | _a9789941078859 | ||
| 040 | _cGE_BSU | ||
| 041 | _ageo | ||
| 080 | _a11+130.3+141.131 პ-57 | ||
| 100 |
_aპლოტინი _913953 |
||
| 245 |
_aენნეადები / _cპლოტინი, ძველი ბერძნულიდან თარგმნა და წინასიტყვაობა დაურთო ბაჩანა ბრეგვაძემ ; რედ. გურამ თევზაძე ; მხატვ: გიორგი წერეთელი, ოთარ მეგრელიძე |
||
| 264 |
_aთბილისი : _bCarpe diem, _c2015. |
||
| 300 |
_a299 გვ. ; _c20 სმ. |
||
| 653 | _aენნეადები | ||
| 653 | _aმეტაფიზიკა | ||
| 653 | _aყოფიერება | ||
| 653 | _aსამყაროული ცნობიერება | ||
| 653 | _aნეოპლატონიზმი | ||
| 700 |
_aბრეგვაძე, ბაჩანა _eმთარგმნელი _93536 |
||
| 700 |
_aთევზაძე, გურამ _eრედაქტორი _913954 |
||
| 700 |
_a წერეთელი, გიორგი _eმხატვარი _913955 |
||
| 700 |
_aმეგრელიძე, ოთარ _eმხატვარი _913956 |
||
| 942 |
_cBK _2udc |
||